| 000 -LEADER |
| fixed length control field |
00403pab a2200169 454500 |
| 008 - FIXED-LENGTH DATA ELEMENTS--GENERAL INFORMATION |
| fixed length control field |
180718b2015 xxu||||| |||| 00| 0 eng d |
| 100 ## - MAIN ENTRY--PERSONAL NAME |
| Personal name |
Aksoy, Deniz |
| 245 ## - TITLE STATEMENT |
| Title |
Terrorism and the fate of dictators |
| 260 ## - PUBLICATION, DISTRIBUTION, ETC. |
| Date of publication, distribution, etc. |
2015 |
| 300 ## - PHYSICAL DESCRIPTION |
| Extent |
p. 423-468. |
| 362 ## - DATES OF PUBLICATION AND/OR SEQUENTIAL DESIGNATION |
| Dates of publication and/or sequential designation |
Jul |
| 650 ## - SUBJECT ADDED ENTRY--TOPICAL TERM |
| Topical term or geographic name entry element |
Terrorism |
| 700 ## - ADDED ENTRY--PERSONAL NAME |
| Personal name |
Wright, Joseph |
| 700 ## - ADDED ENTRY--PERSONAL NAME |
| Personal name |
Carter, David B. |
| 773 ## - HOST ITEM ENTRY |
| Main entry heading |
World Politics |
| 909 ## - |
| -- |
108813 |